000 00617nam a2200205 4500
001 136524
003 ES-MaACL
005 20230906195145.0
007 t|
008 070214s1970 mx r ||||1| spa d
100 1 _aSáenz Quiroga, Eladio.
_9187040
245 1 0 _aMatemáticas para economistas /
_cEladio Sènz Quiroga.
250 _a1ª. ed.
260 _aMéxico :
_bFondo de Cultura Económica,
_c1970.
300 _a317 p. :
_bil. ;
_c23 cm.
490 1 _aSección de obras de economía
830 0 _aSección de obras de economía
_9179924
852 _aES-MaACL
_jE-6861
_bR.91313
999 _c136524
_d136524